1361 1876 1790 1701 1334 1307 1958 1110 1783 1678 1932 1038 1449 1333 1204 1347 1202 1337 1542 1396 1595 1779 1097 1470 1293 1354 1632 1259 1004 1204 1114 1775 1774 1308 1150 1191 1407 1297 1860 1385 1916 1377 1133 1627 1229 1347 1382 1661 1233 1470 1673 1128 1631 1586 1194 1643 1711 1657 1657 1983 1114 1229 1450 1652 1860 1067 1783 1613 1623 1905 1170 1927 1568 1726 1868 1110 1036 1478 1231 1170 1251 1623 1434 1449 1434 1874 1901 1486 1384 1693 1919 1233 1144 1442 1841 1465 1850 1127 1324 BCNSPRNW ULIB Ver.6.0+V

เปลี่ยนเป็นภาษาไทย

Change to English
 แสดงรายละเอียดบรรณานุกรม
  กลับหน้าหลัก

Brief Record : Get Marc (ISO 2709) : E-mail record : QR code < ปิดหน้าต่าง
LEADER : 00000nam 2200000uu 4500
001    13399121781
003     ULIB
008    121207s2551||||th 000 0 tha d
020    ^a9789740322566
060 04 ^aWE101^bส191ก
100 0  ^aสนธยา ลีละมาด
245 10 ^aการฝึกด้วยน้ำหนัก :^bการประยุกต์กายวิภาคศาสตร์และสรีรวิทยาสู่เทคนิคการปฏิบัติ/^cสนธยา ลีละมาด, ดุจเดือน ลีละมาด
250    ^aพิมพ์ครั้งที่ 2
260    ^aกรุงเทพฯ :^bสำนักพิมพ์แห่งจุฬาลงกรณ์มหาวิทยาลัย,^c2551
300    ^a460, [4] หน้า :^bภาพประกอบ ;^c21 ซม.
650  7 ^aการฝึกกำลังกล้ามเนื้อ
650  7 ^aการยกน้ำหนัก
650  7 ^aการออกกำลังกาย
700 0  ^aดุจเดือน ลีละมาด
945    ^p340^l0^i15475
945    ^p340^l0^i15476
945    ^p340^l0^i15477
995    ^aทศพร
999    ^aทศพร เกษรทอง
รายการนี้ยังไม่มีแท็ก
คุณยังไม่ได้ล็อกอิน คุณสามารถมีกิจกรรมร่วมกับเว็บไซต์ได้ แต่ต้องล็อกอินก่อน ::
  ล็อกอิน

รายการสื่อสารสนเทศ

ลำดับที่ ประเภท เลขเรียก/บาร์โค้ด สถานที่ สถานะ
1. วิทยาศาสตร์การแพทย์ และสุขภาพ
วิทยาศาสตร์การแพทย์ และสุขภาพ
WE101 ส191ก ฉ.1 
  Barcode: 15475
ห้องสมุดวิทยาเขตสวรรค์ประชารักษ์
►ส่วนจัดเก็บหนังสือเก่า สปร
บนชั้น
  ขอยืม
2. วิทยาศาสตร์การแพทย์ และสุขภาพ
วิทยาศาสตร์การแพทย์ และสุขภาพ
WE101 ส191ก ฉ.2 
  Barcode: 15476
ห้องสมุดวิทยาเขตสวรรค์ประชารักษ์
►ส่วนจัดเก็บหนังสือเก่า สปร
บนชั้น
  ขอยืม
3. วิทยาศาสตร์การแพทย์ และสุขภาพ
วิทยาศาสตร์การแพทย์ และสุขภาพ
WE101 ส191ก ฉ.3 
  Barcode: 15477
ห้องสมุดวิทยาเขตสวรรค์ประชารักษ์
►ส่วนจัดเก็บหนังสือเก่า สปร
บนชั้น
  ขอยืม

รายการใกล้เคียง
    ผู้แต่ง [สนธยา ลีละมาด]

    หัวเรื่อง [การฝึกกำลังกล้ามเนื้อ]
    หัวเรื่อง [การยกน้ำหนัก]
    หัวเรื่อง [การออกกำลังกาย]

BibComment


ยังไม่เคยถูกคอมเมนท์

คอมเมนท์ทรัพยากรรายการนี้
  คอมเมนท์: การฝึกด้วยน้ำหนั..


 Copyright 2026. Bcnsprnw @Library